000 00388nam a2200133Ia 4500
008 151001s9999||||xx |||||||||||||| ||und||
100 _aजातेगावकर आनंद
245 _aमुखवटे आणि इतर कथा
250 _a1
260 _b"शब्द पब्लिकेशन,मुंबई "
260 _c2013
300 _a223
365 _b21
999 _c999613
_d999610